[Event "EWCCC Online Preliminary-C 2020"]
[Site "Online"]
[Date "2020.12.19"]
[Round "7.3"]
[White "Thode, Gilda"]
[Black "Lazarne Vajda, Szidonia"]
[Result "0-1"]
[WhiteElo "1987"]
[BlackElo "2345"]
[Annotator "TA"]
[PlyCount "60"]
[EventDate "2020.12.19"]
[EventType "team-tourn"]
[EventCountry "NET"]
[SourceTitle "playchess.com"]
[Source "ChessBase"]
[SourceQuality "1"]

{[%evp 13,60,4,2,0,2,-12,4,-10,0,0,16,7,14,0,16,-10,0,0,9,-10,-12,-9,-12,-11,-7,-22,-3,-6,0,-35,-35,-33,-36,-83,0,0,0,0,0,0,-4,-54,-39,-36,-57,-29994,-29995,-29998,-29999]} 1. d4 d5 2. Nf3 Nf6 3. Bg5 Nbd7 4. Nbd2 h6 5. Bh4 e6 6. e3 Be7 7. Bd3 b6 {is the new trend.} 8. c3 {D03: 1 d4 d5 2 Nf3 Nf6 3 Bg5, including Torre Attack with early ...d5.} Bb7 9. Bxf6 Nxf6 10. Ne5 {The position is equal.} O-O {[#]} (10... a6 {seems wilder.} 11. O-O c5 12. f4 Bd6 13. Qf3 Qc7) 11. O-O $146 ({Predecessor:} 11. f4 Ne4 12. O-O c5 13. a3 Qe8 14. Qe2 c4 15. Bxe4 dxe4 16. Qg4 f5 17. Qg6 {1-0 (45) Gritsenko,D-Pilipan,A Kiev 2003}) 11... Bd6 12. f4 Ne4 13. Qc2 {[%cal Rd2e4]} f5 14. Ndf3 c5 15. a4 a6 16. Rab1 c4 17. Bxe4 fxe4 18. Nd2 Bxe5 19. dxe5 b5 20. axb5 axb5 21. b3 Bc6 22. bxc4 bxc4 23. Rb4 Ra3 ({Black should play} 23... Qe7 $17 {...Qa7 is the strong threat.} 24. g3 Qa7) 24. Rfb1 $11 Qa5 25. Nf1 Ba4 26. Qd2 Bb3 27. Ng3 Ra2 28. Qd4 $1 Rc2 {( -> ...Qa2!)} 29. Nh5 $2 {[%mdl 8192] [#]} (29. Kh1 $15) 29... Qa2 $1 {[%mdl 512]} 30. Rb7 Qxb1+ {Weighted Error Value: White=0.41/Black=0.10} 0-1

[Event "EWCCC Online Preliminary-C 2020"]
[Site "Online"]
[Date "2020.12.19"]
[Round "7.4"]
[White "Badelka, Olga"]
[Black "Thorsteinsdottir, Hallgerdur"]
[Result "1-0"]
[WhiteElo "2427"]
[BlackElo "2009"]
[Annotator "TA"]
[PlyCount "43"]
[EventDate "2020.12.19"]
[EventType "team-tourn"]
[EventCountry "NET"]
[SourceTitle "playchess.com"]
[Source "ChessBase"]
[SourceQuality "1"]

{[%evp 22,43,0,0,21,30,33,21,51,33,41,34,58,52,40,41,124,44,552,545,588,580,687,647]} 1. d4 Nf6 2. c4 g6 3. Nf3 Bg7 4. g3 O-O 5. Bg2 d5 6. cxd5 Nxd5 7. O-O Nc6 {[%cal Bb8c6,Bc6a5,Ba5c4][%mdl 32]} 8. e4 Nb6 9. d5 Na5 10. Nc3 c6 11. Nd4 cxd5 12. exd5 Nac4 {D76: Fianchetto Grünfeld: Main Line with 7...Nb6.} 13. b3 Nd6 14. Bb2 Bd7 {[#] The position is equal.} 15. a4 $146 ({Predecessor:} 15. Rc1 Rc8 16. Re1 Re8 17. a4 {1-0 (17) Gevorgyan,D (2316)-Myers,D (1990) chess.com INT 2020}) 15... a5 16. Rc1 Nf5 17. Nxf5 Bxf5 18. Qd2 Qd7 (18... Nc8 $14) 19. Nb5 ({White should play} 19. Ba3 $16) 19... Rfc8 $2 {[%mdl 8192] [#]} ({Black should try} 19... Bxb2 $14 20. Qxb2 Bd3) 20. Bxg7 $1 $18 {White is clearly winning.} Rxc1 21. Rxc1 Kxg7 22. Qd4+ {Black did not feel at home in the position after the opening.  Weighted Error Value: White=0.12/Black=0.99} 1-0

[Event "EWCCC Online Preliminary-C 2020"]
[Site "Online"]
[Date "2020.12.19"]
[Round "7.4"]
[White "Kovanova, Baira"]
[Black "Gretarsdottir, Lilja"]
[Result "1-0"]
[WhiteElo "2328"]
[BlackElo "1984"]
[Annotator "TA"]
[PlyCount "65"]
[EventDate "2020.12.19"]
[EventType "team-tourn"]
[EventCountry "NET"]
[SourceTitle "playchess.com"]
[Source "ChessBase"]
[SourceQuality "1"]

{[%evp 15,65,-31,-23,-47,-47,-37,-31,-45,-14,-15,-11,-39,-17,-23,36,40,55,-8,63,59,75,63,66,61,100,63,77,56,71,89,98,81,449,443,858,830,866,614,748,736,1397,1376,1382,1377,1363,1331,6245,1691,29989,29990,29990,1011]} 1. Nf3 d5 2. g3 Nf6 3. Bg2 c5 4. d3 Nc6 5. O-O e5 6. Nbd2 Be7 7. e4 O-O 8. Re1 d4 9. a4 {A08: King's Indian Attack.} Bg4 10. h3 Bh5 {[#]} 11. Rf1 $146 {Black is slightly better.} ({Predecessor:} 11. g4 Bg6 12. Nf1 Nd7 13. Ng3 Re8 14. b3 Nf8 15. Nf5 Ne6 16. Nxe7+ Qxe7 17. Nh2 {0-1 (35) Mandrikov,S (2109)-Dudukin,I (2390) Nizhnij Novgorod 2012}) 11... a6 12. g4 Bg6 13. Nc4 Qc7 14. a5 Rfe8 (14... Nd7 $11) 15. Nh4 $14 Nd7 16. Nf5 ({White should play} 16. g5 $14) 16... b5 (16... f6 $11) 17. axb6 $1 Nxb6 18. Nxb6 Qxb6 19. b3 a5 20. Bd2 Ra7 21. h4 h6 22. g5 hxg5 23. hxg5 f6 $2 {[%mdl 8192] [#] Black cannot hold the game after this.} (23... a4 $16) 24. Nh4 $18 Kf7 (24... Bf7 $142 25. g6 Be6) 25. Qg4 Nb4 26. Bxb4 cxb4 27. Nxg6 Kxg6 28. gxf6+ Kf7 29. Qxg7+ Ke6 30. fxe7 Qb7 31. f4 exf4 32. Rxf4 Qxe7 33. Bh3+ {Weighted Error Value: White=0.27/Black=0.98} (33. Qxd4 $142 Qg5 34. Raf1 Qxg2+ 35. Kxg2 Rg8+ 36. Kf3 Rf8 37. Qxa7 Rxf4+ 38. Kxf4 Kf6 39. Qd7 a4 40. Rg1 axb3 41. e5#) 1-0

[Event "EWCCC Online Preliminary-C 2020"]
[Site "Online"]
[Date "2020.12.19"]
[Round "7.4"]
[White "Ptacnikova, Lenka"]
[Black "Pogonina, Natalija"]
[Result "0-1"]
[WhiteElo "2130"]
[BlackElo "2475"]
[Annotator "TA"]
[PlyCount "60"]
[EventDate "2020.12.19"]
[EventType "team-tourn"]
[EventCountry "NET"]
[SourceTitle "playchess.com"]
[Source "ChessBase"]
[SourceQuality "1"]

{[%evp 11,60,0,0,2,8,0,0,0,0,-8,-9,0,-2,-29,-22,-36,-22,-25,-14,-37,-41,-50,-39,-43,-58,-66,-53,-76,-91,-152,-152,-245,-199,-297,-295,-265,-231,-220,-207,-296,-296,-310,-277,-568,-390,-778,-767,-1957,-1912,-29978,-1300]} 1. c4 e6 2. Nf3 d5 3. e3 Nf6 4. b3 b6 5. Bb2 Bb7 6. Be2 Nbd7 7. O-O {A13: English Opening: 1...e6.} a6 8. Nc3 Bd6 9. cxd5 {The position is equal.} exd5 10. d4 O-O 11. Rc1 Re8 {[#]} 12. a3 $146 ({Predecessor:} 12. h3 Qe7 13. Bd3 Ne4 14. Qc2 Ndf6 15. Nd2 Nxc3 16. Bxc3 Ne4 17. Bxe4 dxe4 18. Nc4 {0-1 (51) Sadovsky,A (2421)-Tarasova,V (2226) chess.com INT 2020}) 12... Qe7 13. b4 Ne4 14. Nxe4 dxe4 15. Nd2 b5 16. Nb3 Nb6 17. Na5 Bd5 18. Qd2 h5 $40 {[%mdl 128] Black attacks.} 19. g3 h4 20. Rc2 (20. Bd1 $142) 20... Qg5 $17 {[%cal Rh4g3]} 21. Kg2 (21. Bd1 $17 {was called for.}) 21... Re6 22. Rc5 (22. Rg1 {might work better.}) 22... Rg6 $19 {[%cal Rh4g3]} ({But not} 22... Bxc5 23. dxc5 Na4 24. Ba1 $19) 23. Qe1 Bxc5 24. dxc5 Nd7 {[%cal Bb6d7,Bd7f6,Bf6g4][%mdl 32]} 25. Qc3 (25. Qd2 {is a better defense.}) 25... Re8 26. Rd1 Nf6 27. a4 $2 (27. Qd2 Be6 28. Bxf6 Rxf6 29. Kg1) 27... c6 28. Nb7 $2 (28. Kg1) 28... Ng4 {[#] Hoping for ...hxg3.} 29. Qe1 hxg3 30. hxg3 Rh6 {White did not feel at home in the position after the opening.  Weighted Error Value: White=0.83/Black=0.15} (30... Qh5 $142 31. Bxg4 Qxg4 32. Qh1 Rh6 33. Qxh6 Qf3+ 34. Kh2 Qxf2+ {[%mdl 64] Double Attack} 35. Kh1 gxh6 36. Nd6 Qf3+ {[%mdl 64] Double Attack} 37. Kh2 Qe2+ 38. Kh1 Qxd1+ {[%mdl 64] Double Attack} 39. Kh2 Qe2+ 40. Kh3 Be6+ 41. Nf5 Bxf5+ 42. g4 Bxg4+ 43. Kg3 Qf3+ 44. Kh2 Qf2+ 45. Kh1 Bf3#) 0-1

[Event "EWCCC Online Preliminary-C 2020"]
[Site "Online"]
[Date "2020.12.19"]
[Round "7.4"]
[White "Johannsdottir, Johanna Bjorg"]
[Black "Dordzhieva, Dinara"]
[Result "0-1"]
[WhiteElo "1935"]
[BlackElo "2352"]
[Annotator "TA"]
[PlyCount "80"]
[EventDate "2020.12.19"]
[EventType "team-tourn"]
[EventCountry "NET"]
[SourceTitle "playchess.com"]
[Source "ChessBase"]
[SourceQuality "1"]

{[%evp 15,80,-26,0,-46,-16,-44,-21,-77,-71,-96,-94,-137,-81,-88,-66,-66,-14,-55,-49,-95,-47,-121,-78,-180,-91,-258,-247,-246,-239,-450,-435,-397,-440,-445,-443,-419,-397,-419,-400,-621,-622,-761,-770,-756,-772,-732,-758,-756,-736,-1197,-1194,-1193,-1175,-1129,-939,-920,-911,-1177,-1160,-1121,-1085,-1228,-632,-29990,-29991,-29991,-29992]} 1. e4 c5 2. Nf3 Nc6 3. d3 g6 4. Nbd2 Bg7 5. g3 e5 6. Bg2 Nge7 7. O-O O-O 8. c3 d5 9. Qc2 {A07: Réti Opening: New York and Capablanca Systems.} h6 10. Re1 Be6 11. Nf1 (11. exd5 $11 {keeps the balance.} Bxd5 12. b3) 11... d4 $17 {[#]} 12. Nh4 $146 ({Predecessor:} 12. Bd2 Rc8 13. c4 Qd7 14. Qa4 g5 15. h4 g4 16. N3h2 h5 17. a3 a5 18. b4 axb4 19. axb4 cxb4 {0-1 (31) Garcia Jorge,J (1874)-Hoffman,A (2425) El Sauzal 2008}) 12... Qd7 13. f4 Rad8 ({Better is} 13... exf4 14. gxf4 dxc3 15. bxc3 Rad8) 14. c4 a6 $36 {[%mdl 2048] Black fights for an advantage.} 15. a3 Kh7 (15... a5 $15) 16. Nf3 Rb8 17. fxe5 Nxe5 18. Bf4 (18. Nxe5 $15 Bxe5 19. Nd2) 18... N7c6 19. Qd2 (19. Nxe5 $17 {is a better defense.} Bxe5 20. Nd2) 19... Rbe8 (19... Nxf3+ $19 20. Bxf3 Rbe8) 20. b4 $2 {Loses the game.} (20. Bxe5 $17 Bxe5 21. b4) 20... Nxf3+ $19 21. Bxf3 g5 22. Bxg5 $2 (22. bxc5 {was worth a try.} gxf4 23. gxf4) 22... hxg5 23. Qxg5 Ne5 24. Qh5+ Kg8 25. Be2 cxb4 26. axb4 f5 {Strongly threatening ...fxe4.} 27. Ra5 (27. Nd2 $142) 27... Bf7 28. Qxf5 Qxf5 29. exf5 {[#]} Nxd3 $1 {[%mdl 512]} 30. Bxd3 Rxe1 31. Kf2 Rfe8 32. Rc5 Rd1 33. Bc2 Rc1 34. Ba4 Rd8 35. Nd2 d3 36. Rc7 {[#]} b5 $1 37. Bb3 (37. cxb5 Rxc7) 37... bxc4 38. Nxc4 Bxc4 {[%mdl 64] Remove Defender} 39. Bxc4+ {[#]} Rxc4 $1 {[%mdl 64] Promotion} 40. Rxc4 d2 {Weighted Error Value: White=0.80/Black=0.26} 0-1